000 00720nam a22002537a 4500
001 8078
003 FISKH
005 20250821121929.0
008 250821b cb ||||| |||| 00| 0 eng d
020 _a9780439809245
040 _aFISKH
_beng
_cFISKH
_dFISKH
050 _aPZ7.W65535 P
082 _a813.6
100 _aWillems, Mo
245 _aThe Pigeon has seelings, too! /
_cA smidgeon of pigeon by Mo Willems
260 _aNew York :
_bScholastic,
_c2005.
300 _a10 unnumbered pages :
_bcolor illustrations ;
_c16 cm
505 _aG
520 _aDo pigeons have feelings? Is a hot dog yummy?
521 8 _a410
_bLexile
521 8 _aG
_bRaz-Plus
942 _2ddc
_cBK
_n0
999 _c8078
_d8078